|
|
|
|
| LEADER |
00571nam a2200157Ia 4500 |
| 008 |
140316s9999 xx 000 0 und d |
| 020 |
|
|
|a 8185569312
|
| 082 |
|
|
|a 631.584
|b FUK/ON
|
| 100 |
|
|
|a Fukuoka,Masanobu
|
| 245 |
|
|
|a One straw revolution :An introduction to natural farming
|
| 260 |
|
|
|a India
|b The other India press
|c 1998
|
| 300 |
|
|
|a 180
|
| 650 |
|
|
|a Natural farming
|
| 942 |
|
|
|2 ddc
|c BK
|
| 999 |
|
|
|c 1146
|d 1146
|
| 952 |
|
|
|0 0
|1 0
|2 ddc
|4 2
|6 631_584000000000000_FUK_ON
|7 0
|9 1313
|a KAUCLV
|b KAUCLV
|c GENERAL
|d 2014-03-18
|l 9
|m 2
|o 631.584 FUK/ON
|p 202732
|r 2019-05-21
|s 2019-05-03
|w 2014-03-18
|y BK
|